000 00460nam a2200157 i 4500
001 46897
003 ES-MaACL
005 20230906161451.0
007 t|
008 030402s1981 sp ||||1| spa d
110 2 _aConsejo Superior de Investigaciones Científicas (España)
_93236
245 1 0 _aA Juan Ramón Jiménez.
260 _a[Madrid] :
_bAula Cultural C.S.I.C.,
_c[1981]
300 _a125 p. :
_bil. ;
_c34 cm.
852 _aES-MaACL
_jL-1761
_bR.102021
999 _c46897
_d46897